00596nam a22002052 4500003000600000005001700006008004100023020001500064040000800079050002100087100002400108245007000132250002000202260004600222300002700268500004000295650002000335650001500355700002000370UkOxU20220208074118.0861217s1978 enka 000 0 eng d a0721616747 cEQG aRG524 1979b.B451 aBeischer, Norman A.10aObstetrics and the newborn /cNorman A. Beischer, Eric V. Mackay. aBritish edition aSydney ; London :bW. B. Saunders,c1978. a532 p. :bill.c27 cm. aOriginal edition published in 1976. 2aInfant, Newborn 2aObstetrics1 aMackay, Eric V.